000 00511nam a2200181Ia 4500
008 100917s9999 xx 000 0 und d
082 _b7465
100 _aश्रोत्रयि वि. कृ. - अनु.
245 _aपळवलेला पोर
260 _b---
_c1966
300 _a148
365 _b2.5
520 _aकादंबरी
630 _aपळवलेला पोर
650 _aकादंबरी
730 _aपळवलेला पोर
942 _cBOOK
999 _c612859
_d612856